000 00574nas a2200205 a 4500
001 000039794
003 DLC
005 20201002033735.0
008 130722c20049999dr qr1 0 0spa d
040 _aDO-SdBNP
_bspa
_cBNPHU
043 _anwdr---
222 0 _aBoletín trimestral
222 0 _aBoletín trimestral
245 0 0 _aBoletín trimestral.
260 _aSanto Domingo :
_bSuperintendencia de Pensiones,
_c2004.
300 _ano. :
_bil. ;
_c28 cm.
310 _aTrimestral
362 1 _aNo. 5 (sept. 2004)
500 _aCatalogación realizada a partir del no. 5
999 _c39284
_d39284